Client and Architect (Record no. 115641)

MARC details
000 -LEADER
fixed length control field 01009cab a22002535a 4500
001 - CONTROL NUMBER
control field L159043
008 - FIXED-LENGTH DATA ELEMENTS--GENERAL INFORMATION
fixed length control field 130731e2015 xxk 000 0 eng d
035 ## - SYSTEM CONTROL NUMBER
System control number (Sirsi) u159043
041 0# - LANGUAGE CODE
Language code of text/sound track or separate title eng
110 1# - MAIN ENTRY--CORPORATE NAME
Corporate name or jurisdiction name as entry element RIBA
245 00 - TITLE STATEMENT
Title Client and Architect
Remainder of title Developing the essential relationship
Medium [electronic resource]
260 ## - PUBLICATION, DISTRIBUTION, ETC.
Name of publisher, distributor, etc. RIBA
Date of publication, distribution, etc. 2015
300 ## - PHYSICAL DESCRIPTION
Extent 44p.
520 ## - SUMMARY, ETC.
Summary, etc. Looks at the relationship between architects and clients which concludes that architects who can design a building from concept to delivery are now a rare breed which is forcing clients to replace the original practice after the planning stage.
590 ## - LOCAL NOTE (RLIN)
Local note KA
650 24 - SUBJECT ADDED ENTRY--TOPICAL TERM
Topical term or geographic name entry element ARCHITECTS
650 24 - SUBJECT ADDED ENTRY--TOPICAL TERM
Topical term or geographic name entry element CLIENT RELATIONS
650 24 - SUBJECT ADDED ENTRY--TOPICAL TERM
Topical term or geographic name entry element CLIENT SERVICE
650 24 - SUBJECT ADDED ENTRY--TOPICAL TERM
Topical term or geographic name entry element MARKETING
651 #4 - SUBJECT ADDED ENTRY--GEOGRAPHIC NAME
Geographic name United Kingdom
Chronological subdivision
690 ## - LOCAL SUBJECT ADDED ENTRY--TOPICAL TERM (OCLC, RLIN)
Topical term or geographic name as entry element Business and management
856 40 - ELECTRONIC LOCATION AND ACCESS
Uniform Resource Identifier <a href="https://www.architecture.com/Files/RIBAProfessionalServices/ClientServices/RIBACLIENTSUPP[1].pdf">https://www.architecture.com/Files/RIBAProfessionalServices/ClientServices/RIBACLIENTSUPP[1].pdf</a>
Public note View the item free of charge at the www.architecture.com
942 ## - ADDED ENTRY ELEMENTS (KOHA)
Suppress in OPAC 0
Holdings
Withdrawn status Lost status Source of classification or shelving scheme Damaged status Not for loan Home library Current library Shelving location Date acquired Total Checkouts Full call number Barcode Date last seen Copy number Price effective from Koha item type
    Dewey Decimal Classification     Virtual Virtual Online 15/12/2015   ONLINE PUBLICATION 159043-2001 06/08/2019 1 06/08/2019 Book